000
00274nam a22001097a 4500
999
_c
534321
_d
534321
040
_c
MSOHAIL
082
_a
891.4391
100
_a
Rahbar Danishmand - رہبردانشمند
_9
28465
245
_a
Ghazal Intikhab - غزل انتیخاب
300
_a
v.p
942
_2
ddc
_c
BK